| 000 | 00734 a2200205 4500 | ||
|---|---|---|---|
| 010 | _aENG-89763 | ||
| 020 |
_a8187675110 _c150.00 |
||
| 035 | _aEN-73296 | ||
| 037 | _bDBAD / PUB | ||
| 082 | 1 | 4 | _a921 |
| 090 |
_c11633 _d11633 |
||
| 100 | 1 | _aNalini Jameela, | |
| 245 | 1 |
_aAutobiography of a sex worker/ _cby Nalini Jameela;translated and with a foreword by J. Devika |
|
| 260 |
_aChennai _bWestland Books _c2007 |
||
| 270 |
_a571, Poonamallee High Road, Kamraj Bhavan, Aminjikarai _bChennai _e600 002 _mewb@airtelbroadband.in |
||
| 300 |
_axv, 143p. _b23 cm. (Pbk.) |
||
| 700 | _aDevika, J. | ||
| 942 |
_adpl _cEN _k921 / NAL |
||
| 999 |
_c11316 _d11316 |
||